| 000 | 01274nam a22002777a 4500 | ||
|---|---|---|---|
| 001 | BD-DhSAU | ||
| 003 | BD-DhSAU | ||
| 005 | 20250722152539.0 | ||
| 008 | 150420b2005 bg ||||| m||| 00| 0 eng d | ||
| 040 | _aBD-DhSAU | ||
| 082 |
_222 _a634.99 _bR1293 |
||
| 100 |
_aRAHMAN, MD. MAHMUDUR _eRegistration No. # 15-06599 |
||
| 245 |
_aImpact of agroforestry systems on tree species
diversity and farmers livelihood of bhola sadar
and daulat khan upazila in bhola district /
_bMS thesis |
||
| 260 |
_aSher-e-Bangla Agricultural University: _bDepartment of Agroforestry and Environmental Science, _c2022. |
||
| 300 |
_axi, 89p. ; _c30 cm. |
||
| 500 | _aMS thesis of Department of Agroforestry and Environmental Science, Faculty of Agriculture, Sher-e-Bangla Agricultural University, Dhaka, Bangladesh | ||
| 504 | _aIncludes bibliographical reference. | ||
| 590 | _aNazmul | ||
| 650 | _aagroforestry systems on tree species | ||
| 651 | _afarmers livelihood of bhola sadar | ||
| 654 | _adaulat khan upazila in bhola district | ||
| 700 |
_aProf. Dr. Md. Forhad Hossain _eSuperviser |
||
| 700 |
_aProf. Dr. Md. Kausar Hossain _eCo-superviser |
||
| 856 | _uhttp://archive.saulibrary.edu.bd:8080/xmlui/handle/123456789/5288 | ||
| 942 |
_2ddc _cTHESIS |
||
| 999 |
_c17641 _d17640 |
||